Technique and history of the Swiss watch
Uloženo v:
| Hlavní autor: | |
|---|---|
| Médium: | Kniha |
| Jazyk: | Undetermined |
| Vydáno: |
London
Sping
1970
|
| Témata: | |
| Tagy: |
Přidat tag
Žádné tagy, Buďte první, kdo otaguje tento záznam!
|
| Thư viện lưu trữ: | Trung tâm Học liệu Trường Đại học Cần Thơ |
|---|
| LEADER | 00606nam a2200193Ia 4500 | ||
|---|---|---|---|
| 001 | CTU_104541 | ||
| 008 | 210402s9999 xx 000 0 und d | ||
| 082 | |a 338.4768 | ||
| 082 | |b J36 | ||
| 100 | |a Jaquet, Eugene | ||
| 245 | 0 | |a Technique and history of the Swiss watch | |
| 245 | 0 | |c Eugene Jaquet, Alfred Chapuis with the co-operation of G. AlbertBerner and Samuel Guye | |
| 260 | |a London | ||
| 260 | |b Sping | ||
| 260 | |c 1970 | ||
| 650 | |a Clock and watch making,Clocks and watches | ||
| 650 | |z Switzerland,Switzerland | ||
| 904 | |i Truc | ||
| 980 | |a Trung tâm Học liệu Trường Đại học Cần Thơ | ||